[Event "Dieren op"]
[Site "Dieren"]
[Date "1989.??.??"]
[Round "4"]
[White "Pliester, Leon"]
[Black "Dam, Ruurd"]
[Result "1/2-1/2"]
[WhiteElo "2385"]
[BlackElo "2315"]

1.d4 Nf6 2.c4 g6 3.Nc3 Bg7 4.e4 d6 5.Be2 O-O 6.Nf3 e5 7.O-O Na6 8.Bg5 h6
9.Bh4 Qe8 10.dxe5 dxe5 11.Qc2 c6 12.Rad1 Bg4 13.a3 Bxf3 14.Bxf3 Nc5 15.Bg3 Nh7
16.Bg4 Ne6 17.Ne2 Qe7 18.Bxe6 Qxe6 19.f3 Rfe8 20.Bf2 Bf8 21.Nc1 Kg7 22.Nb3 b6
23.c5 Rab8 24.Rd2 Be7 25.Rfd1 Nf8 26.Be3 Rb7 27.Nc1 Nd7 28.Nd3 b5 29.b4 a5
30.Nc1 a4 31.Ne2 Kh7 32.Qc1 h5 33.Rd3 Nb8 34.Bg5 f6 35.Bh4 Rd7 36.Rxd7 Nxd7
37.Qe3 Nf8 38.Be1 Nd7 39.Rd3 Nb8 40.Bd2 Bf8 41.Bc1 Kg8 42.Qd2 Be7 43.Kf1 Qc4
44.h3 Qf7 45.g4 hxg4 46.hxg4 Qh7 47.Ng1 Kg7 48.Bb2 Rh8 49.g5 Qh2 50.gxf6+ Bxf6
51.Qg2 Kf7 52.Rd2 Qxg2+ 53.Kxg2 Ke7 54.Nh3 Rd8 55.Rxd8 Kxd8 56.Nf2 Nd7 57.Nd3 Ke7
58.Kg3 Ke6 59.Kg4 Kf7 60.Bc1 Ke6 61.Bg5 Kf7 62.Bxf6 Kxf6 63.Kh4 Nf8 64.Nf2 Nh7
65.Ng4+  1/2-1/2

[Event "Dieren op"]
[Site "Dieren"]
[Date "1989.??.??"]
[Round "6"]
[White "Quist, Johan"]
[Black "Vanheste, Jeroen"]
[Result "1-0"]
[WhiteElo "2265"]
[BlackElo "2410"]

1.Nf3 Nf6 2.c4 g6 3.Nc3 Bg7 4.e4 d6 5.d4 O-O 6.Be2 e5 7.dxe5 dxe5 8.Qxd8 Rxd8
9.Bg5 c6 10.Nxe5 Re8 11.O-O-O Na6 12.Nf3 Bg4 13.Bxf6 Bxf6 14.Nd4 Rad8 15.Bxg4 Bxd4
16.f3 Nb4 17.a3 Bxc3 18.bxc3 Nd3+ 19.Kc2 Nf2 20.Rxd8 Rxd8 21.Rb1 Nxg4 22.fxg4 Rd7
23.Rd1 Re7 24.Rd8+ Kg7 25.Kd3 Kf6 26.h4 Ke5 27.Ke3 f6 28.c5 a6 29.a4 Ke6
30.Kf4 g5+ 31.hxg5 fxg5+ 32.Kxg5 Ke5 33.Kh6 Kf4 34.Rg8 Rxe4 35.Kxh7 Rxa4
36.g5 Kf5 37.g6 Rh4+ 38.Kg7 Ke6 39.Re8+ Kd5 40.Kf6 Rg4 41.Re5+ Kc4 42.Rg5  1-0

[Event "Dieren op"]
[Site "Dieren"]
[Date "1989.??.??"]
[Round "6"]
[White "Brenninkmeijer, Joris"]
[Black "Pirisi, Gabor"]
[Result "1-0"]
[WhiteElo "2415"]
[BlackElo "2390"]

1.d4 Nf6 2.c4 g6 3.Nc3 Bg7 4.e4 d6 5.Nf3 O-O 6.Be2 e5 7.Be3 h6 8.O-O Re8
9.d5 Ng4 10.Bd2 f5 11.Ne1 Nf6 12.f3 c5 13.a3 Nbd7 14.Nd3 Nf8 15.b4 b6 16.Rb1 g5
17.bxc5 bxc5 18.Qa4 Bd7 19.Qa6 Qe7 20.Rb7 Bc8 21.Rxe7 Bxa6 22.Rxe8 Nxe8 23.exf5 Bxc4
24.Rb1 Nd7 25.Nxc5 Bxe2 26.Nxd7 Bd3 27.Rb8 Rxb8 28.Nxb8 Bxf5 29.Be3 Nf6 30.Bxa7 e4
31.Nc6 Kf7 32.Bd4 exf3 33.gxf3 Bd3 34.Bxf6 Bxf6 35.Ne4 Bb2 36.Nxd6+ Kf6 37.a4 Ba3
38.Ne4+ Kf5 39.d6 Ke6 40.Nd8+ Kd7 41.Nf7 Bc2 42.a5 g4 43.Ne5+ Ke6 44.Nxg4 Bxe4
45.fxe4 h5 46.Ne3 Bc5 47.Kf2 Kxd6 48.Kf3 Kc6 49.e5 Kb5 50.e6 Kc6 51.Nf5 Bg1
52.h3 h4 53.Kg4 Bf2 54.Kg5 Be1 55.a6  1-0

[Event "Dieren op"]
[Site "Dieren"]
[Date "1989.??.??"]
[Round "8"]
[White "Brenninkmeijer, Joris"]
[Black "Belkhodja, Slim"]
[Result "1-0"]
[WhiteElo "2415"]
[BlackElo "2365"]

1.d4 Nf6 2.c4 g6 3.Nc3 Bg7 4.e4 d6 5.Nf3 O-O 6.Be2 e5 7.Be3 exd4 8.Nxd4 c6
9.f3 Re8 10.Bf2 d5 11.exd5 cxd5 12.O-O Nc6 13.c5 Nh5 14.Qd2 Nxd4 15.Bxd4 Bxd4+
16.Qxd4 Qf6 17.Rad1 Be6 18.g4 Qxd4+ 19.Rxd4 Nf6 20.Rfd1 Rac8 21.Bb5 Rf8 22.g5 Nh5
23.b4 b6 24.c6 a6 25.Bxa6 Rxc6 26.Nxd5 Bxd5 27.Rxd5 Nf4 28.Rd6 Rc3 29.Bf1 Ra3
30.Bc4 Rc3 31.Bb3 b5 32.Rb6 Nh3+ 33.Kg2 Nxg5 34.Rxb5 Nxf3 35.Rb7 Nh4+ 36.Kf2 Rf3+
37.Kg1 Rf4 38.Rf1 Nf3+ 39.Kh1 g5 40.h3 Nd4 41.Rxf4 gxf4 42.Bd5 Rd8 43.Bxf7+ Kf8
44.Bh5 Kg8 45.Bg4 h5 46.Bd7 Kf8 47.a4 Ke7 48.Bg4+ Kd6 49.Bxh5 Rc8 50.a5 f3
51.Rf7 Rc1+ 52.Kh2 Rc2+ 53.Kg3 Rg2+ 54.Kh4 Rb2 55.Bxf3 Rxb4 56.Bg4 Ra4 57.Rf6+ Ke5
58.Rg6 Nf5+ 59.Kh5 Nd6 60.Bd7 Ra3 61.h4 Ne4 62.Re6+ Kd5 63.Ra6 Ke5 64.Re6+ Kd5
65.Ra6 Ke5 66.Bg4 Kf4 67.Bc8 Rg3 68.Bb7 Nc5 69.Rb6 Nxb7 70.Rxb7 Kf5 71.Rb5+ Kf6
72.a6 Ra3 73.Rb6+ Kf7 74.Kh6 Kf8 75.Kg6 Rg3+ 76.Kf6  1-0

[Event "Dortmund-C"]
[Site "Dortmund"]
[Date "1989.??.??"]
[Round "?"]
[White "Schuetz, Thomas"]
[Black "Schuh, Franz"]
[Result "1/2-1/2"]
[WhiteElo "2310"]
[BlackElo "2295"]

1.d4 Nf6 2.c4 g6 3.Nc3 Bg7 4.e4 d6 5.Nf3 O-O 6.Be2 e5 7.d5 Nbd7 8.Bg5 h6
9.Bh4 a5 10.Nd2 Nc5 11.O-O Bd7 12.b3 c6 13.a3 cxd5 14.cxd5 g5 15.Bg3 b5 16.b4 axb4
17.axb4 Na4 18.Qb3 Nxc3 19.Qxc3 Qb6 20.Qd3 Rfc8 21.Rfb1 Bf8 22.Kf1 Be7 23.f3 Bd8
24.Bf2 Qb7 25.Nb3  1/2-1/2

[Event "Dortmund-B"]
[Site "Dortmund"]
[Date "1989.??.??"]
[Round "?"]
[White "Ivkov, Borislav"]
[Black "Lautier, Joel"]
[Result "1/2-1/2"]
[WhiteElo "2460"]
[BlackElo "2450"]

1.Nf3 Nf6 2.c4 g6 3.Nc3 Bg7 4.e4 d6 5.d4 O-O 6.Be2 e5 7.d5 Nbd7 8.Bg5 h6
9.Bh4 g5 10.Bg3 Nh5 11.h4 Nf4 12.hxg5 hxg5 13.Qc2 Nxe2 14.Kxe2 Nb6 15.Nd2 f5
16.f3 fxe4 17.Ncxe4 c6 18.Nxd6 Qxd6 19.Qh7+ Kf7 20.Ne4 Qg6 21.Bxe5 Qxh7 22.Rxh7 Rg8
23.Bxg7 Rxg7 24.Nxg5+ Kg6 25.Rxg7+ Kxg7 26.dxc6 bxc6 27.b3 Bf5 28.Rd1 Kf6
29.f4 Ke7 30.Kf3 Rd8 31.Re1+ Kf6 32.g4 Rd3+ 33.Ke2 Bg6 34.f5 Rd4 35.Nf3 Re4+
36.Kd3 Rxe1 37.Nxe1 Be8 38.Nf3 c5 39.Ke3 Bc6 40.Kf4 Bxf3 41.g5+ Ke7 42.Kxf3 Kd6
43.Kg4 Nd7 44.Kh5 Ne5 45.g6 Ke7 46.Kg5 Nd7 47.Kf4 Kd6 48.Kg5 Ke7 49.Kf4 Kd6
50.g7 Nf6 51.Kg5 Ke7 52.Kf4 Kd6 53.Kg5 Ke7 54.Kg6 a5 55.a4 Ng8 56.f6+ Nxf6
57.Kf5 Kf7 58.Ke5 Kxg7 59.Kd6 Ne4+ 60.Kd5 Nd2 61.Kxc5 Nxb3+ 62.Kb6 Kf6 63.c5 Ke7
64.c6 Kd8 65.Kb7 Nc5+ 66.Kb6 Nxa4+ 67.Kxa5  1/2-1/2

[Event "Dortmund-C"]
[Site "Dortmund"]
[Date "1989.??.??"]
[Round "?"]
[White "Dermann, Guido"]
[Black "Keitlinghaus, Ludger"]
[Result "1/2-1/2"]
[WhiteElo "2330"]
[BlackElo "2410"]

1.d4 g6 2.c4 d6 3.Nc3 e5 4.Nf3 Bg7 5.e4 Nd7 6.Be2 Ngf6 7.O-O O-O 8.Qc2 c6
9.Rd1 Qe7 10.dxe5 dxe5 11.b3 Re8 12.Bb2 Nh5 13.Bf1 Nf4 14.Ne2 Ne6 15.Nc1 c5
16.g3 f6 17.Bg2 b6 18.Ne2 Nd4 19.Qd3 Nxe2+ 20.Qxe2 Nb8 21.Nd2 Nc6 22.Nb1 Nd4
23.Qd3 Bb7 24.Nc3 Qf7 25.Nd5 f5 26.Bxd4 cxd4 27.Rac1 Rf8 28.Rf1 Rac8 29.Qd2 Kh8
30.Rc2 f4 31.Bh3 Rcd8 32.gxf4 Bh6 33.Qd3 Bxf4 34.f3 Qg7 35.Rg2 Rd6 36.Qe2 Bxd5
37.cxd5 Rdf6 38.Kh1 Qc7 39.Qd2 Qc3 40.Qxc3 dxc3 41.Rc2 Bd2 42.Kg2 Kg7 43.Bd7 Kf7
44.Bb5 Ke7 45.Rf2 Kd6 46.Ba6 R8f7 47.Bb5 Be3 48.Rf1 Bd4 49.Be2 g5 50.h3 Rf4
51.Ba6 Rf8 52.Be2 h5 53.Rcc1 Ke7 54.Kg3 Kd6 55.a3 Ke7 56.Bd3 Kd6 57.Be2 Kc5
58.Bd3 a5 59.Be2 R8f6 60.Kg2 Rf8 61.Kg3 Rb8  1/2-1/2

[Event "Dortmund op"]
[Site "Dortmund"]
[Date "1989.??.??"]
[Round "6"]
[White "Bukal, Vladimir Sr"]
[Black "Martinovic, Slobodan"]
[Result "1/2-1/2"]
[WhiteElo "2375"]
[BlackElo "2445"]

1.c4 Nf6 2.Nf3 g6 3.Nc3 Bg7 4.d4 O-O 5.e4 d6 6.Be2 e5 7.Be3 Nbd7 8.O-O c6
9.Rc1 h6 10.dxe5 dxe5 11.Nd2  1/2-1/2

[Event "Dortmund (Women)"]
[Site "Dortmund"]
[Date "1989.??.??"]
[Round "10"]
[White "Kas Fromm, Rita"]
[Black "Brustman, Agnieszka"]
[Result "1/2-1/2"]
[WhiteElo "2195"]
[BlackElo "2300"]

1.d4 Nf6 2.c4 g6 3.Nc3 Bg7 4.e4 d6 5.Nf3 O-O 6.Be2 e5 7.Be3 h6 8.dxe5 Ng4
9.Bf4 Nxe5 10.Rc1 Bg4 11.O-O Nbd7 12.Qd2 Nxf3+ 13.gxf3 Bh3 14.Rfd1 Kh7 15.Bg3 f5
16.Nd5 fxe4 17.fxe4 Nc5 18.f3 Ne6 19.Kh1 h5 20.Rb1 Bh6 21.Qc3 h4 22.Bf2 c6
23.Ne3 Rf7 24.Bf1 Bxf1 25.Rxf1 Qg5 26.Ng4 Bg7 27.Qd2 Be5  1/2-1/2

[Event "Edinburgh op"]
[Site "Edinburgh"]
[Date "1989.??.??"]
[Round "?"]
[White "Beaumont, Chris"]
[Black "Conquest, Stuart"]
[Result "1-0"]
[WhiteElo "2435"]
[BlackElo "2490"]

1.Nf3 Nf6 2.c4 g6 3.Nc3 Bg7 4.e4 d6 5.d4 O-O 6.Be2 Nbd7 7.O-O e5 8.Qc2 c6
9.d5 c5 10.a3 Ne8 11.b4 f5 12.Ng5 Nb6 13.bxc5 dxc5 14.f4 exf4 15.Bxf4 h6
16.Nf3 fxe4 17.Nd2 Nf6 18.Rae1 Bf5 19.Ncxe4 Nbd7 20.Bd3 Ng4 21.Nf3 Qa5 22.h3 Nge5
23.Nf6+ Rxf6 24.Nxe5 Bxd3 25.Qxd3 Nxe5 26.Rxe5 Rxf4 27.Rxf4 Bxe5 28.Qxg6+ Bg7
29.Re4 Re8 30.d6 Qd2 31.Qe6+ Kh8 32.d7 Bd4+ 33.Kh2 Bg7 34.Qg6 Rg8 35.Qe6 Qg5
36.Qd6 Bf6 37.g3 Kh7 38.Rg4  1-0

[Event "Eindhoven"]
[Site "Eindhoven"]
[Date "1989.??.??"]
[Round "?"]
[White "Brenninkmeijer, Joris"]
[Black "Van Wely, Loek"]
[Result "1-0"]
[WhiteElo "2415"]
[BlackElo "2295"]

1.d4 Nf6 2.c4 g6 3.Nc3 Bg7 4.e4 d6 5.Nf3 O-O 6.Be2 e5 7.Be3 Na6 8.O-O Qe8
9.dxe5 Ng4 10.exd6 Nxe3 11.fxe3 cxd6 12.Nd4 Nc5 13.Bf3 Qe5 14.Qd2 a6 15.Rad1 Qg5
16.Nd5 Rb8 17.b4 Nd7 18.Qf2 Nf6 19.Nb3 Be6 20.c5 dxc5 21.Nxc5 Qe5 22.Rd4 h5
23.Nf4 Bc8 24.Ncd3 Qb5 25.h3 Qg5 26.h4 Qb5 27.Qg3 Ra8 28.e5 Ng4 29.Nd5 Be6
30.Nc7 Qa4 31.Nxa8 Nxe3 32.Nc7 Bxa2 33.Ra1 Nc2 34.Rxa2 Qxa2 35.Rf4 Qb1+ 36.Kh2 Ne3
37.Be2 Nf5 38.Rxf5 gxf5 39.Nd5 Rd8 40.Ne7+ Kf8 41.Nxf5 Bh8 42.Qg5 Rxd3 43.Qe7+ Kg8
44.Qe8+  1-0

[Event "Eindhoven"]
[Site "Eindhoven"]
[Date "1989.??.??"]
[Round "?"]
[White "Grooten, Herman"]
[Black "Van Wely, Loek"]
[Result "0-1"]
[WhiteElo "2340"]
[BlackElo "2295"]

1.d4 Nf6 2.Nf3 g6 3.c4 Bg7 4.Nc3 d6 5.e4 O-O 6.Be2 e5 7.Be3 Ng4 8.Bg5 f6
9.Bc1 Nc6 10.h3 Nh6 11.Be3 f5 12.Bg5 Qe8 13.dxe5 dxe5 14.Nd5 Qf7 15.Be3 f4
16.Ng5 Qd7 17.Bc5 Re8 18.Bg4 Qd8 19.Ne7+ Nxe7 20.Qxd8 Rxd8 21.Bxe7 Rd4 22.Be2 b6
23.Rd1 Bb7 24.O-O Nf7 25.Ne6 c5 26.f3 g5 27.Nxg5 Re8 28.Nxf7 Rxe7 29.Nd6 Rd7
30.Nb5 Rd2 31.Nxa7 R7d4 32.Rxd2 Rxd2 33.Kf2 Bf6 34.Rb1 Bh4+ 35.Kf1 Ba6 36.a3 Rc2
37.b3 Kf7 38.Nc6 Ke6 39.Nb8 Bb7 40.b4 Be7 41.b5 Bd6 42.Nc6 Kd7 43.Na7 Ra2
44.Rb3 Be7 45.Rd3+ Kc7 46.Bd1 Ra1 47.a4 Rc1 48.Ke2 Rxc4 49.Bb3 Rb4 50.Bd5 c4
51.Rd2 Bxd5 52.exd5 Rxa4 53.Nc6 Kd6 54.Nxe7 Kxe7 55.d6+ Kd7 56.Rd5 c3 57.Rxe5 Kxd6
58.Rh5 Rd4 59.Ke1 c2 60.Rh6+ Kd5  0-1

[Event "Eindhoven"]
[Site "Eindhoven"]
[Date "1989.??.??"]
[Round "?"]
[White "Douven, Rudy C"]
[Black "Pieterse, Gert"]
[Result "1/2-1/2"]
[WhiteElo "2445"]
[BlackElo "2415"]

1.d4 Nf6 2.c4 g6 3.Nc3 Bg7 4.e4 O-O 5.Nf3 d6 6.Be2 e5 7.Be3 Na6 8.O-O Qe8
9.dxe5 Ng4 10.Bd2 dxe5 11.h3 Nf6 12.Be3 c6 13.a3 Qe7 14.b4 Nh5 15.Qc2 Nf4
16.Rfd1 Re8 17.Bf1 Qf6 18.Nd2 Nc7 19.Nb3 h5 20.c5 h4 21.Rd2 Nce6 22.Rad1 Ng5
23.Kh1 Be6 24.Na5 Rab8 25.Ne2 Nh5 26.Ng1 Kh7 27.Nc4 Bxc4 28.Bxc4 Ne6 29.Rd6 Bf8
30.Rd7 Bh6 31.Bxh6 Kxh6 32.Nf3 Nhf4 33.Qc3 Ng5 34.R1d6 Nfe6 35.Qxe5 Qxe5
36.Nxe5 Nf4 37.Nxf7+ Nxf7 38.Bxf7 Rxe4 39.g3 hxg3 40.fxg3 Re1+ 41.Kh2 Re2+
42.Kh1 Re1+  1/2-1/2

[Event "Eindhoven"]
[Site "Eindhoven"]
[Date "1989.??.??"]
[Round "?"]
[White "Happel, Hendrik A"]
[Black "Riemersma, Liafbern"]
[Result "0-1"]
[WhiteElo "2305"]
[BlackElo "2380"]

1.d4 Nf6 2.c4 g6 3.Nc3 Bg7 4.e4 d6 5.Nf3 O-O 6.Be2 e5 7.d5 a5 8.O-O Nh5 9.g3 f5
10.exf5 Bxf5 11.Ng5 Na6 12.Nge4 Qe8 13.Be3 b6 14.f3 Nf6 15.Bd3 Nc5 16.Qd2 Nxd3
17.Qxd3 h6 18.g4 Bd7 19.Nxf6+ Rxf6 20.Ne4 Rf8 21.Kg2 g5 22.Rh1 Qg6 23.Raf1 Rf7
24.b3 Raf8 25.h3 Be8 26.Rf2 Bf6 27.Kf1 Be7 28.Ke2 Qh7 29.Bd2 Rg7 30.Rhf1 Bg6
31.a3 Rgf7 32.b4 axb4 33.axb4 Kg7 34.Ke1 Ra8 35.Bc3 Rf4 36.Re2 Kg8 37.c5 bxc5
38.bxc5 Rff8 39.Qc4 Qg7 40.Ra2 Rxa2 41.Qxa2 dxc5 42.Qa6 Bd6 43.Qc4 Qe7 44.Ke2 Kh7
45.Bd2 Kg7 46.Rb1 Qf7 47.Rb3 Rd8 48.Rd3 c6 49.Qa6 Bxe4 50.fxe4 Rf8 51.Kd1 Qf1+
52.Kc2 Rb8 53.Qa7+ Kh8 54.Rb3 Qc4+ 55.Rc3 Qxe4+ 56.Kd1 Rb1+ 57.Rc1 Qf3+ 58.Ke1 e4  0-1

[Event "ESP-ch"]
[Site "ESP"]
[Date "1989.??.??"]
[Round "8"]
[White "Garcia Ilundain, David"]
[Black "Martin Gonzalez, Angel"]
[Result "1-0"]
[WhiteElo "2270"]
[BlackElo "2370"]

1.d4 Nf6 2.Nf3 g6 3.c4 Bg7 4.Nc3 O-O 5.e4 d6 6.Be2 e5 7.O-O Nbd7 8.Be3 c6
9.Qc2 Qe7 10.dxe5 dxe5 11.a3 Ng4 12.Bg5 f6 13.Bd2 Nc5 14.h3 Nh6 15.b4 Ne6
16.c5 Kh8 17.Rfe1 f5 18.Rad1 f4 19.Na4 Ng5 20.Nb2 Nxf3+ 21.Bxf3 g5 22.Nc4 g4
23.hxg4 Nxg4 24.Bc3 Qg5 25.Nd6 Be6 26.Nf5 Bxf5 27.exf5 Rxf5 28.Rd7 Rf6 29.Qd1 h5
30.Rd8+ Rf8 31.Rxa8 Rxa8 32.Qd7 Qh4 33.Bxg4 hxg4 34.Rxe5 Rg8 35.Qf7  1-0

[Event "Forli op"]
[Site "Forli"]
[Date "1989.??.??"]
[Round "9"]
[White "Garcia Palermo, Carlos"]
[Black "Yermolinsky, Alex"]
[Result "1/2-1/2"]
[WhiteElo "2470"]
[BlackElo "2480"]

1.Nf3 Nf6 2.c4 g6 3.Nc3 Bg7 4.e4 d6 5.d4 O-O 6.Be2 e5 7.O-O Na6 8.Be3 Qe8
9.dxe5 Ng4 10.exd6 Nxe3 11.fxe3 cxd6 12.Nd4 Nc5 13.Qc2 Qe5 14.Rad1 a5 15.Bf3 Bd7
16.Rfe1 Bc6 17.Re2 Rad8 18.Ndb5 h5 19.a3 h4 20.b4 axb4 21.axb4 Ne6 22.Nd4 Ng5
23.Nd5  1/2-1/2

[Event "FRA-chT"]
[Site "?"]
[Date "1989.??.??"]
[Round "?"]
[White "Flear, Christine"]
[Black "Steczkowski, Kazimierz"]
[Result "1/2-1/2"]
[WhiteElo "2170"]
[BlackElo "2330"]

1.d4 Nf6 2.c4 d6 3.Nc3 Nbd7 4.e4 e5 5.Nf3 g6 6.Be2 Bg7 7.O-O O-O 8.Qc2 c6
9.Rd1 Re8 10.d5 c5 11.Rb1 b6 12.a3 Nf8 13.b4 Re7 14.g3 Ne8 15.Nh4 Rc7 16.Nb5 Rb7
17.Qd3 Nd7 18.Be3 Ndf6 19.f3 Kh8 20.Qd2 Ng8 21.Bd3 Ne7 22.Qc2 Ng8 23.a4 cxb4
24.Rxb4 Ngf6 25.Nc3 Nd7 26.Rdb1 Nc5 27.R4b2 Rab8 28.Na2 Bd7 29.Nc3 Kg8 30.Nb5 Qc8
31.Rb4  1/2-1/2

[Event "FRA-chT"]
[Site "?"]
[Date "1989.??.??"]
[Round "?"]
[White "Peyrat, Olivier"]
[Black "Dussol, Pierre"]
[Result "1/2-1/2"]
[WhiteElo "2230"]
[BlackElo "2230"]

1.Nf3 g6 2.c4 Bg7 3.d4 Nf6 4.Nc3 O-O 5.e4 d6 6.Be2 e5 7.dxe5 dxe5 8.Qxd8 Rxd8
9.Bg5 Re8 10.Nd5 Nxd5 11.cxd5 c6 12.Bc4 cxd5 13.Bxd5 Na6 14.Bd2 Nc7 15.Bc4 Be6
16.Rc1 Rac8 17.Ke2 b5 18.Bxe6 Nxe6 19.Rxc8 Rxc8 20.Rc1 Rxc1 21.Bxc1 f6 22.Be3 a6
23.Ne1 Bf8 24.Nd3 Kf7 25.Kd2 Ke8 26.Kc3 Kd7 27.b3  1/2-1/2

[Event "FRA-chT"]
[Site "?"]
[Date "1989.??.??"]
[Round "?"]
[White "Roos, Louis"]
[Black "Demarre, Jacques"]
[Result "0-1"]
[WhiteElo "2325"]
[BlackElo "2190"]

1.c4 Nf6 2.Nf3 g6 3.Nc3 Bg7 4.e4 d6 5.d4 O-O 6.Be2 e5 7.dxe5 dxe5 8.Qxd8 Rxd8
9.Bg5 Re8 10.O-O-O Nc6 11.Bxf6 Bxf6 12.Nd5 Bd8 13.c5 Nd4 14.Nxd4 exd4 15.Rxd4 c6
16.Ne3 Bf6 17.Rc4 Be6 18.Rb4 Bxa2 19.Rxb7 Reb8 20.Ba6 Rxb7 21.Bxb7 Rb8 22.Bxc6 Rxb2
23.Rd1 Rxf2 24.Rd2 Rxd2 25.Kxd2 Bd4 26.Nd5 Bxc5 27.Kc3 Kg7 28.h3 Bb1 29.Kc4 Bf2
30.Nc3 Bc2 31.Na4 Kf6 32.Kc3 Bxa4 33.Bxa4 Ke5 34.Kd3 Kf4 35.Bb3 f6 36.Bg8 h6
37.Bh7 g5 38.Ke2 Kg3 39.Kf1 Bd4 40.Bg8 Kf4 41.Bd5 Be5 42.Ke2 a5 43.Kf2 Bd4+
44.Kf1 Ke3 45.Bc6 Bc3 46.Kg1 Be1 47.Kf1 Bg3 48.Kg1 Ke2 49.Bb5+ Ke1 50.Be8 Ke2
51.Bb5+ Ke3 52.Bc6 h5 53.Kf1 h4 54.Be8 Kxe4 55.Ke2 Bf4 56.Bc6+ Kd4 57.Bd7 Kc3
58.Be8 Kb3 59.Bf7+ Kb4 60.Kd3 a4 61.Bg8 Be5 62.Be6 a3 63.Kc2 Kc5 64.Kd3 Kd6
65.Bg8 f5 66.Ba2 Bf4 67.Bb3 Ke5 68.Ba2 Bc1 69.Bb3 Kf4 70.Be6 Kg3 71.Kc2 Kxg2  0-1

[Event "FRA-chT"]
[Site "?"]
[Date "1989.??.??"]
[Round "?"]
[White "Gouret, Thierry"]
[Black "Lautier, Joel"]
[Result "0-1"]
[WhiteElo "2190"]
[BlackElo "2450"]

1.d4 Nf6 2.c4 g6 3.Nc3 Bg7 4.e4 d6 5.Be2 O-O 6.Nf3 e5 7.O-O Nbd7 8.Qc2 c6
9.Rd1 exd4 10.Nxd4 Qe7 11.Bf1 a5 12.b3 Nc5 13.f3 Bd7 14.Rb1 Nh5 15.Nce2 Be5
16.g3 Rfe8 17.Bg2 Ng7 18.f4 Bf6 19.Nc3 Bg4 20.Rd2 Nf5 21.Nxf5 Bxf5 22.exf5 Qe3+
23.Rf2 Qxc3 24.fxg6 Re1+ 25.Bf1 hxg6 26.Qxc3 Bxc3 27.Re2 Bd4+ 28.Kg2 Nd3  0-1

[Event "FRA-chT"]
[Site "?"]
[Date "1989.??.??"]
[Round "?"]
[White "Trommsdorf, Fro"]
[Black "Thebault, Bernard"]
[Result "1/2-1/2"]
[WhiteElo "2110"]
[BlackElo "2265"]

1.d4 Nf6 2.Nf3 g6 3.c4 Bg7 4.Nc3 d6 5.e4 O-O 6.Be2 e5 7.Be3 Nc6 8.d5 Ne7
9.Nd2 c5 10.O-O Ne8 11.b4 cxb4 12.Na4 f5 13.f3 b6 14.Qb3 f4 15.Bf2 g5 16.Qxb4 Ng6
17.Nc3 Rf7 18.a4 h5 19.a5 g4 20.axb6 g3 21.hxg3 fxg3 22.Bxg3 Bh6 23.f4 h4
24.Bh2 Nxf4 25.Bxf4 Bxf4 26.Bh5 Rg7 27.Rxf4 exf4 28.Nf3 Nf6 29.Bg6 h3 30.e5 Rxg6
31.b7 Rxg2+ 32.Kh1 Ng4 33.Ne4 Bxb7 34.Qxb7 dxe5 35.Ra6 Qe8 36.Rh6 Nxh6 37.Nf6+ Kf8
38.Nh7+  1/2-1/2

[Event "FRA-chT"]
[Site "?"]
[Date "1989.??.??"]
[Round "?"]
[White "Flear, Glenn C"]
[Black "Wilder, Michael"]
[Result "1-0"]
[WhiteElo "2500"]
[BlackElo "2540"]

1.d4 Nf6 2.c4 g6 3.Nc3 Bg7 4.e4 d6 5.Be2 O-O 6.Nf3 e5 7.O-O Nbd7 8.Qc2 c6
9.Rd1 Qe7 10.d5 c5 11.g3 Ng4 12.Nh4 Nb6 13.Bd3 Bd7 14.Re1 Rae8 15.Rb1 Bf6
16.Ng2 Bg7 17.f3 Nh6 18.Nh4 f5 19.Bxh6 Bxh6 20.exf5 gxf5 21.Bxf5 Nxc4 22.Qe4 Nb6
23.Qg4+ Bg7 24.Ne4 Rd8 25.Ng5 Bxf5 26.Nxf5 Qd7 27.Ne6 Rxf5 28.Qxf5 Nxd5 29.Qg5  1-0

[Event "FRA-chT"]
[Site "?"]
[Date "1989.??.??"]
[Round "?"]
[White "Schwicker, Francois"]
[Black "Weill, Roland"]
[Result "1/2-1/2"]
[WhiteElo "2240"]
[BlackElo "2225"]

1.d4 g6 2.c4 Bg7 3.Nc3 d6 4.e4 Nd7 5.Nf3 e5 6.Be2 Ngf6 7.O-O O-O 8.Be3 c6
9.Qc2 Ng4 10.Bg5 f6 11.Bd2 Nh6 12.Rad1 Qe7 13.Rfe1 Nf7 14.Bc1 Re8 15.b4 Nf8
16.d5 Qc7 17.c5 a5 18.b5 dxc5 19.dxc6 bxc6 20.bxc6 Ba6 21.Nd5 Qxc6 22.Bxa6 Rxa6
23.Ba3 Nd7 24.Nd2 Bf8 25.Rb1 Kg7 26.Nc4 Ng5 27.Nce3 Ne6 28.Qc4 Ra7 29.Rb2 Rb7
30.Reb1 Reb8 31.Rxb7 Rxb7 32.Rxb7 Qxb7 33.Nc3 Nd4 34.h3 Nb6 35.Qd3 Nc8 36.Ned5 Na7
37.Qc4 Qc6 38.Na4 Ne6 39.Qc2 Nb5 40.Bc1 Nbd4 41.Qd1 Qb5 42.Nac3 Qc6 43.Qd2 Ng5
44.Kh1 Nf7 45.Qb2 Bd6 46.Qa3 Qa6 47.Be3 Nd8 48.Qc1 Nf7 49.Qd1 Qc6 50.Qg4 h5
51.Qh4 Bf8 52.f4 exf4 53.Nxf4 Ne5 54.Ncd5 Qa6 55.Qf2 Nc4 56.Bxd4 cxd4 57.Qxd4 Ne5
58.Qf2 Qc6 59.Qa7+ Kh6 60.Qb8 Qc1+ 61.Kh2 Bg7 62.Ne6 h4 63.Qa7 Bh8 64.Qf2 g5
65.Nxf6 Qa3 66.Nd5 Ng6 67.Kh1 Qc1+ 68.Qg1 Qc4 69.Qe3 Qf1+ 70.Qg1 Qc4 71.Qe3 Qf1+  1/2-1/2

[Event "Frankfurt"]
[Site "Frankfurt"]
[Date "1989.??.??"]
[Round "1"]
[White "Roeschlau, Bernd"]
[Black "Alber, Horst"]
[Result "1/2-1/2"]
[WhiteElo "2310"]
[BlackElo "2360"]

1.d4 Nf6 2.c4 g6 3.Nc3 Bg7 4.e4 d6 5.Nf3 O-O 6.Be2 e5 7.O-O Nbd7 8.Re1 c6
9.Bf1 Ng4 10.h3 exd4 11.Nxd4 Qb6 12.Qxg4 Bxd4 13.Qe2 a5 14.Bh6 Re8 15.Na4 Qc7
16.Rad1 Bg7 17.Bxg7 Kxg7 18.Qd2 Re6 19.Qf4 b6 20.Be2 Nc5 21.Nxc5 bxc5 22.Bg4 Re5
23.Qd2 Bxg4 24.hxg4 Rae8 25.f3 R8e6 26.Re3 Qe7 27.Qc3 Qf6 28.Red3 a4 29.Qd2 h5
30.gxh5 Rxh5 31.b3 axb3 32.axb3 Qh4 33.Rxd6 Qh1+ 34.Kf2 Qh4+ 35.Ke2 Qg3 36.Rxe6 Qxg2+
37.Ke3 Qg5+ 38.Kd3 fxe6 39.Qxg5 Rxg5 40.Ke3 Rg2 41.Rd6 Rb2 42.Rxc6 e5 43.Rb6 g5
44.Re6 Rxb3+ 45.Kf2 g4 46.fxg4 Rc3 47.Rxe5 Rxc4 48.Kf3 Rc1 49.Kf4 c4 50.Kf5 c3
51.Re7+ Kf8 52.Rc7 c2 53.Ke6 Re1 54.Rxc2 Rxe4+ 55.Kf6 Rf4+ 56.Kg5 Ra4 57.Rc8+ Kg7
58.Rc7+ Kg8 59.Kh5 Ra6 60.g5 Rb6 61.Rc5 Ra6  1/2-1/2

[Event "Frankfurt"]
[Site "Frankfurt"]
[Date "1989.??.??"]
[Round "4"]
[White "Roeschlau, Bernd"]
[Black "Reschke, Stefan"]
[Result "1-0"]
[WhiteElo "2310"]
[BlackElo "2330"]

1.d4 Nf6 2.c4 g6 3.Nc3 Bg7 4.e4 d6 5.Nf3 O-O 6.Be2 Nbd7 7.O-O e5 8.Re1 c6
9.Bf1 Qe7 10.Rb1 a6 11.b3 Ng4 12.d5 c5 13.h3 Ngf6 14.b4 b6 15.bxc5 bxc5 16.Bg5 h6
17.Be3 Kh8 18.Kh2 Ng8 19.g3 Bf6 20.Qc1 Kh7 21.Na4 Qd8 22.Re2 Be7 23.Reb2 f5
24.exf5 gxf5 25.Nb6 Nxb6 26.Rxb6 Qe8 27.Be2 Qg6 28.Nxe5 Qg7 29.Nf3 Ra7 30.Bf4 Rd7
31.Bd3 Kh8 32.Qc2 Rdd8 33.Re1 h5 34.Qe2 Qf7 35.Ng5 Bxg5 36.Bxg5  1-0

[Event "Frankfurt"]
[Site "Frankfurt"]
[Date "1989.??.??"]
[Round "6"]
[White "Kertesz, Alfred"]
[Black "Degenhardt, Horst"]
[Result "1/2-1/2"]
[WhiteElo "2340"]
[BlackElo "2310"]

1.d4 Nf6 2.c4 g6 3.Nc3 Bg7 4.e4 O-O 5.Nf3 d6 6.Be2 e5 7.O-O Na6 8.d5 Nc5
9.Qc2 a5 10.Ne1 b6 11.Bd2 Bd7 12.b3 Kh8 13.Rd1 Ng8 14.Nd3 f5 15.f3 Bh6 16.a3 Bxd2
17.Rxd2 fxe4 18.Nxe4 Nxe4 19.fxe4 Rxf1+ 20.Bxf1 Qh4 21.Nf2 Nf6 22.Qd3 Rf8
23.Qe3 Ng4 24.Nxg4 Qxg4 25.Rf2 Rxf2 26.Qxf2 Kg7 27.Qf3 Qf4 28.h3 Qxf3 29.gxf3 Kh6
30.Kf2 Kg5 31.Kg3 h5 32.h4+ Kf6 33.Bd3  1/2-1/2

[Event "Frankfurt"]
[Site "Frankfurt"]
[Date "1989.??.??"]
[Round "7"]
[White "San Segundo, Pablo"]
[Black "Reschke, Stefan"]
[Result "1-0"]
[WhiteElo "2385"]
[BlackElo "2330"]

1.d4 Nf6 2.Nf3 g6 3.c4 Bg7 4.Nc3 O-O 5.e4 d6 6.Be2 Nbd7 7.O-O e5 8.Be3 Qe7
9.d5 Nc5 10.Nd2 a5 11.a3 a4 12.Bxc5 dxc5 13.Nxa4 Bh6 14.Nc3 Ne8 15.Bf3 f5
16.Qe2 Nd6 17.Nb5 Nf7 18.Rae1 Ra6 19.exf5 gxf5 20.Bh5 e4 21.f3 Qg5 22.fxe4 Qxd2
23.e5 c6 24.Nc7 cxd5 25.cxd5 Qd4+ 26.Kh1 Rb6 27.e6 Ng5 28.e7 Ne4 29.exf8=Q+ Bxf8
30.Nb5 Qxd5 31.Nc3 Nxc3 32.bxc3 Re6 33.Qf3 Qxf3 34.Bxf3 Ra6 35.Re8 Bd7 36.Bd5+ Kg7
37.Rd8  1-0

[Event "Frunze op"]
[Site "Frunze"]
[Date "1989.??.??"]
[Round "?"]
[White "Ambarcumjan, Armen"]
[Black "Yuneev, Alexey"]
[Result "1/2-1/2"]
[WhiteElo "2350"]
[BlackElo "2345"]

1.d4 Nf6 2.Nf3 g6 3.c4 Bg7 4.Nc3 O-O 5.e4 d6 6.Be2 e5 7.O-O Qe8 8.d5 a5 9.Ne1 Na6
10.Nd3 Nd7 11.Be3 f5 12.exf5 gxf5 13.f4 Qe7 14.Rc1 Nac5 15.Nxc5  1/2-1/2

[Event "Frunze"]
[Site "Frunze"]
[Date "1989.??.??"]
[Round "?"]
[White "Kanstler, Boris"]
[Black "Yurtaev, Leonid"]
[Result "1/2-1/2"]
[WhiteElo "2425"]
[BlackElo "2505"]

1.d4 Nf6 2.c4 g6 3.Nc3 Bg7 4.e4 d6 5.Nf3 O-O 6.Be2 e5 7.dxe5 dxe5 8.Qxd8 Rxd8
9.Bg5 Re8 10.Nd5 Nxd5 11.cxd5 c6 12.Bc4 cxd5 13.Bxd5 Na6 14.O-O  1/2-1/2

[Event "Frunze op"]
[Site "Frunze"]
[Date "1989.??.??"]
[Round "?"]
[White "Anastasian, Ashot"]
[Black "Lukin, Andrei M"]
[Result "1/2-1/2"]
[WhiteElo "2495"]
[BlackElo "2450"]

1.Nf3 Nf6 2.c4 g6 3.Nc3 Bg7 4.d4 O-O 5.e4 d6 6.Be2 e5 7.O-O Nbd7 8.d5 Nc5
9.Qc2 a5 10.Be3 Nfd7 11.Nd2 f5 12.exf5 gxf5 13.f4 exf4 14.Bxf4 Ne5 15.Nf3 Ng6
16.Bg5 Qe8 17.Rae1 Qf7 18.Nh4 Bd7 19.Bh5 Bf6 20.Bxg6 hxg6 21.Qd2 Rae8 22.Bxf6 Qxf6
23.Qh6 Rxe1 24.Rxe1 Nd3 25.Re3 Ne5 26.Rg3 Ng4 27.Qxg6+ Qxg6 28.Nxg6 Re8 29.Rf3 Re1+
30.Rf1 Rxf1+ 31.Kxf1 Nxh2+ 32.Ke2 Kf7 33.Nf4 Kf6  1/2-1/2

[Event "Frunze"]
[Site "Frunze"]
[Date "1989.??.??"]
[Round "?"]
[White "Kanstler, Boris"]
[Black "Imanaliev, Taalaibek"]
[Result "1/2-1/2"]
[WhiteElo "2425"]
[BlackElo "2345"]

1.d4 Nf6 2.c4 g6 3.Nc3 Bg7 4.e4 d6 5.Nf3 O-O 6.Be2 e5 7.O-O Nbd7 8.dxe5 dxe5
9.Bg5 c6 10.b4 h6 11.Bh4 Re8 12.c5 a5 13.a3 axb4 14.axb4 Rxa1 15.Qxa1 b6
16.cxb6 Qxb6 17.Rb1 Bb7 18.Nd2 Ra8 19.Qb2 Nf8 20.Nc4 Qc7 21.Bg3 N6d7  1/2-1/2